• 首页
  • 本馆介绍
  • 公告通知
  • 最新文献
  • 馆藏检索
  • 电子资源
  • 读者导购
  • 参考咨询
  • 我的图书馆
  • 登录
  • 详细信息显示
  • 放入我的书架
  • 预约/预借图书
  • 作者相关作品
  • 分类相关作品
  • 丛书相关作品
  • 出版社相关作品

书目信息

  • 表格格式
  • 工作单格式
  • 卡片格式
题名:
神奇人体之谜
    
 
作者: 李瑞宏 主编 ;高凡 , 陆源 编著 ;米家文化 绘
分册:  
出版信息: 杭州   浙江教育出版社  2017
页数: 155页
开本: 23cm
丛书名:
单 册:
中图分类: R32-49
科图分类:
主题词: 人体--少儿读物
电子资源:
ISBN: 978-7-5536-5686-1
000 00906nam0 2200265 450
001 5302
005 20180528193016.35
010    @a978-7-5536-5686-1@dCNY25.00
100    @a20170524d2017 cemy0chiy50 ea
101 0  @achi
102    @aCN@b330000
105    @aa z 000yy
200 1  @a神奇人体之谜@9shen qi ren ti zhi mi@f李瑞宏主编@g高凡,陆源编著@g米家文化绘
210    @a杭州@c浙江教育出版社@d2017
215    @a155页@c图@d23cm
300    @a探秘世界系列
330    @a本书从科学的角度出发,向少年儿童展示神奇世界的无穷奥秘。本册主题为神奇人体,内容包括:人体的司令部——脑、令人困惑的梦、忽高忽矮的身高、三千烦恼丝的秘密等。
606 0  @a人体@j少儿读物
690    @aR32-49@v5
701  0 @a李瑞宏@9li rui hong@4主编
702  0 @a高凡@9gao fan@4编著
702  0 @a陆源@9lu yuan@4编著
712 02 @a米家文化@9mi jia wen hua@4绘
801  0 @aCN@b91MARC@c20170524
905    @aMuseLib@dR32-49@e298
    
    神奇人体之谜/李瑞宏主编/高凡,陆源编著/米家文化绘.-杭州:浙江教育出版社,2017
    155页:图;23cm
    探秘世界系列
    
    ISBN 978-7-5536-5686-1:CNY25.00
    本书从科学的角度出发,向少年儿童展示神奇世界的无穷奥秘。本册主题为神奇人体,内容包括:人体的司令部——脑、令人困惑的梦、忽高忽矮的身高、三千烦恼丝的秘密等。
●
相关链接 在E读中查询图书 在五车中查询图书 在当当中查询图书 在豆瓣中查询图书


正题名:神奇人体之谜     索取号:R32-49/298         预约/预借

序号 登录号 条形码 馆藏地/架位号 状态 备注
1 1112775   211127751   第二样本阅览室/ [索取号:R32-49/298] 在馆    
2 1112776   211127760   教育系资料室/ [索取号:R32-49/298] 在馆    
3 1112777   211127779   教育系资料室/ [索取号:R32-49/298] 在馆    
4 1112778   211127788   第三借阅区/ [索取号:R32-49/298] 在馆    
唐山师范学院图书馆 欢迎您!
大连网信软件有限公司© 版权所有